000 01165nam0a22002771 4500
001 rc\2726794
005 20250806203239.0
035 _a(NLR Aleph) 006854256
090 _a8033
_c8033
100 _a20110915d1943 u y0rusy50 ca
101 0 _arus
102 _aRU
105 _aa z |||||
200 1 _aПереоборудование колесных тракторов СХТЗ в газогенераторе и их использование
_fНКСМ СССР. Гос. Ордена Трудового Красного Знамени Союзной науч.-исслед. и экспериментальной автотракторный ин-т "НАТИ"
205 _a2-е изд.
210 _aМосква
_cСельхозгиз
_d1943
215 _a56 с., 2 л. ил.
_cил.
_d21 см.
300 _aБез тит. л. Описано по обл.
700 1 _aКоссов
_bС.Г.
_gСоломон Григорьевич
801 0 _aRU
_bNLR
_gpsbo
801 1 _aRU
_bELAR
_2rusmarc
852 _aNLR
_jС20 Г-4/112
942 _cBOOK
945 _aРоссийская национальная библиотека
980 _aNB
980 _aBV